Kitāb Sībawayh wa-shurūḥuh / (Record no. 78995)
[ view plain ]
| 000 -LEADER | |
|---|---|
| fixed length control field | 01167nam a2200313 a 4500 |
| 003 - CONTROL NUMBER IDENTIFIER | |
| rucl marc code | BD-RjUL |
| 005 - DATE AND TIME OF LATEST TRANSACTION | |
| control field | 20211213163110.0 |
| 008 - FIXED-LENGTH DATA ELEMENTS--GENERAL INFORMATION | |
| fixed length control field | 211213s1967 iq b 000 0 ara d |
| 035 ## - SYSTEM CONTROL NUMBER | |
| System control number | (CStRLIN)UWON01-B3644 |
| 040 ## - CATALOGING SOURCE | |
| Original cataloging agency | PU |
| Transcribing agency | PSt |
| Modifying agency | NIC |
| -- | CtY |
| -- | UkOxU |
| Language of cataloging | eng |
| 041 ## - LANGUAGE CODE | |
| Language code of text/sound track or separate title | ara |
| 082 ## - DEWEY DECIMAL CLASSIFICATION NUMBER | |
| Edition number | 23 |
| Classification number | 492.759 |
| Author mark and year | HAK 1967 |
| 100 1# - MAIN ENTRY--PERSONAL NAME | |
| Personal name | Ḥadīthī, Khadījah. |
| 9 (RLIN) | 178 |
| 245 10 - TITLE STATEMENT | |
| Title | Kitāb Sībawayh wa-shurūḥuh / |
| Statement of responsibility, etc. | Khadījah al-Ḥadīthī. |
| 250 ## - EDITION STATEMENT | |
| Linkage | 880-03 |
| Edition statement | al-Ṭabʿah 1. |
| 260 ## - PUBLICATION, DISTRIBUTION, ETC. (IMPRINT) | |
| Linkage | 880-04 |
| Place of publication, distribution, etc. | Baghdād : |
| Name of publisher, distributor, etc. | Dār al-Taḍāmun, |
| Date of publication, distribution, etc. | 1967. |
| 300 ## - PHYSICAL DESCRIPTION | |
| Pagination | 303 p. ; |
| Size | 24 cm. |
| 504 ## - BIBLIOGRAPHY, ETC. NOTE | |
| Bibliography, etc | Bibliography: p. 281-292. |
| 600 10 - SUBJECT ADDED ENTRY--PERSONAL NAME | |
| Personal name | Sībawayh, ʿAmr ibn ʿUthmān, |
| Dates associated with a name | active 8th century. |
| Title of a work | Kitāb. |
| 650 #0 - SUBJECT ADDED ENTRY--TOPICAL TERM | |
| Topical term or geographic name as entry element | Arabic language |
| General subdivision | Morphology. |
| 9 (RLIN) | 180 |
| Topical term or geographic name as entry element | Arabic language |
| General subdivision | Grammar |
| Form subdivision | Early works to 1800. |
| 9 (RLIN) | 181 |
| 880 1# - ALTERNATE GRAPHIC REPRESENTATION | |
| Linkage | 100-01/(3/r |
| a | حديثي، خديجة. |
| Linkage | 245-02/(3/r |
| a | كتاب سيبوية وشروحه / |
| c | خديجة الحديثي. |
| Linkage | 250-03/(3/r |
| a | الطبعة ١. |
| Linkage | 260-04/(3/r |
| a | بغداد : |
| b | دار التضامن، |
| c | ٧٦٩١. |
| 942 ## - ADDED ENTRY ELEMENTS (KOHA) | |
| Source of classification or shelving scheme | Dewey Decimal Classification |
| Koha item type | Books |
| Lost status | Source of classification or shelving scheme | Damaged status | Not for loan | Collection code | Permanent Location | Current Location | Shelving location | Date acquired | Source of acquisition | Cost, normal purchase price | Total Checkouts | Full call number | Date last seen | Copy number | Koha item type |
|---|---|---|---|---|---|---|---|---|---|---|---|---|---|---|---|
| Dewey Decimal Classification | Not For Loan | Non-fiction | Central Library, University of Rajshahi | Central Library, University of Rajshahi | Reading Room | 12/09/1968 | Zeitlinger | 35.00 | A 492.759 HAK 1967 | 13/12/2021 | C-1 | Books |